000 00745nam a2200241Ia 4500
003 OSt
005 20221002053816.0
006 a|||||r|||| 00| 0
007 ta
008 220930b |||||||| |||| 00| 0 eng d
024 _a57591
037 _cReference Collections
040 _aCRL
_cCRL
_beng
041 _2eng
_aeng
082 _aV2:2aN5, J6(RR)
100 _aWilson Patrick Co.
_9575218
245 0 _aGovernment and politics of India and Pakistan 1885-1955
_b A bibliography of works in western languages.
260 _c1956
500 _aModern India project bibliographical study; 2
650 _aHISTORY
942 _hV2:2aN5, J6(RR)
_cref
_2CC
999 _c923206
_d923206